Random NCAAM Logos - Statistics

General Stats
  • This quiz has been taken 834 times
    109 since last reset
  • The average score is 34 of 50
Answer Stats
Picture Hint Answer % Correct
Mountain West Air Force
100%
Mid-American Akron
100%
SEC Alabama
100%
SEC Arkansas
100%
Patriot Army
100%
Mid-American Ball St.
100%
Patriot Boston U
100%
Mid-American Bowling Green
100%
ACC Clemson
100%
Mountain West Colorado St.
100%
Big East Creighton
100%
Mid-American Eastern Michigan
100%
SEC Florida
100%
AAC Florida Atlantic
100%
Big West Hawai'i
100%
Big 12 Houston
100%
Big Ten Illinois
100%
Big Ten Indiana
100%
Conference USA Kennesaw St.
100%
ACC Louisville
100%
AAC Memphis
100%
Big Ten Michigan St.
100%
Big Ten Minnesota
100%
SEC Missouri
100%
ACC NC St.
100%
Mountain West New Mexico
100%
ACC North Carolina
100%
Big Ten Ohio St.
100%
Big 12 Oklahoma St.
100%
Big Ten Oregon
100%
Ivy Princeton
100%
Atlantic 10 Rhode Island
100%
West Coast San Francisco
100%
AAC South Florida
100%
Big East St. John's
100%
SEC Texas A&M
100%
Mid-American Toledo
100%
Sun Belt UL Monroe
100%
Big 12 Utah
100%
West Coast Washington St.
100%
Confernece USA Western Kentucky
100%
Big Ten Wisconsin
100%
Ivy Yale
100%
Mid-American Miami (OH)
94%
Big East Villanova
94%
ACC Boston College
93%
Big 12 Texas Tech
93%
Sun Belt Coastal Carolina
92%
Pac 12 Colorado
92%
Atlantic 10 George Washington
92%
Big Ten Iowa
92%
SEC LSU
92%
Big Ten Maryland
92%
Southland McNeese
92%
ACC Miami
92%
Big Ten Nebraska
92%
ACC Stanford
92%
Big Ten UCLA
92%
Big Ten USC
92%
Mountain West Wyoming
92%
ACC Georgia Tech
91%
ACC Notre Dame
91%
Big East Seton Hall
91%
Sun Belt Troy
91%
Big East UConn
91%
Mountain West Utah St.
91%
Sun Belt Arkansas St.
90%
Big 12 Baylor
90%
Big 12 BYU
90%
Big 12 Cincinnati
90%
SEC Ole Miss
90%
Big Ten Purdue
90%
Conference USA Sam Houston
90%
Mountain West Boise St.
89%
AAC East Carolina
89%
Ivy Harvard
89%
SWAC Jackson St.
89%
Sun Belt James Madison
89%
Mid-American Northern Illinois
89%
ACC Florida St.
88%
SEC Georgia
88%
Big East Marquette
88%
SEC Oklahoma
88%
Southern Samford
88%
SEC Tennessee
88%
SEC Mississippi St.
87%
SEC Vanderbilt
87%
Big West Cal Poly
86%
Missouri Valley Drake
86%
Atlantic 10 George Mason
86%
Big 12 Kansas
86%
Mid-American Massachusetts
86%
SEC Texas
86%
ACC Virginia
86%
ACC Wake Forest
86%
SEC Auburn
85%
Big East Xavier
85%
SEC Kentucky
84%
Sun Belt Appalachian St.
83%
ASUN Austin Peay
83%
AAC Charlotte
83%
ACC Duke
83%
Mountain West Fresno St.
83%
SWAC Grambling
83%
Big South High Point
83%
Conference USA Jacksonville St.
83%
America East Maine
83%
Conference USA Middle Tennessee
83%
Summit League North Dakota St.
83%
Sun Belt Old Dominion
83%
Confernce USA Rice
83%
Sun Belt Texas St.
83%
Conference USA UTEP
83%
Missouri Valley Valparaiso
83%
Big 12 Arizona
82%
Ivy Dartmouth
82%
Sun Belt Louisiana
82%
Big Ten Michigan
82%
MEAC Norfolk St.
82%
Big Ten Northwestern
82%
MEAC South Carolina St.
82%
Big 12 Texas Christian
82%
AAC North Texas
81%
Big 12 Arizona St.
80%
SWAC Arkansas-Pine Bluff
80%
Ivy Brown
80%
Big East Butler
80%
ACC California
80%
Sun Belt Georgia Southern
80%
West Coast Gonzaga
80%
Northeast Long Island
80%
Mountain West Nevada
80%
Conference USA New Mexico St.
80%
Horizon Oakland
80%
Big Ten Rutgers
80%
West Coast Santa Clara
80%
ACC SMU
80%
AAC Temple
80%
AAC UAB
80%
Atlantic 10 Virginia Commonwealth
80%
Big 12 West Virginia
80%
Big 12 Iowa St.
79%
Missouri Valley Bradley
78%
West Coast Grand Canyon
78%
Big 12 Kansas St.
78%
ASUN Lipscomb
78%
Missouri Valley Northern Iowa
78%
SWAC Prairie View A&M
78%
Big East Providence
78%
Big Sky Sacramento St.
78%
Mountain West San Diego St.
78%
Summit League South Dakota
78%
Sun Belt Southern Miss
78%
Atlantic 10 St. Louis
78%
Mid-American Central Michigan
77%
Atlantic 10 Loyola Chicago
77%
Southern Chattanooga
75%
Horizon Cleveland St.
75%
Confernece USA Florida International
75%
Big East Georgetown
75%
Patriot Navy
75%
Ivy Penn
75%
Sun Belt South Alabama
75%
Northeast St. Francis (PA)
75%
MAAC St. Peter
75%
ACC Syracuse
75%
America East UMBC
75%
Big Ten Washington
75%
Big 12 Central Florida
73%
Atlantic 10 Dayton
73%
Missouri Valley Murray St.
73%
Big Ten Penn St.
73%
Summit League South Dakota St.
73%
Big West UC Irvine
72%
America East Albany
71%
Patriot Bucknell
71%
SWAC Florida A&M
71%
Atantic 10 LaSalle
71%
Big Sky Montana
71%
Summit League North Dakota
71%
Mid-American Ohio
71%
West Coast Oregon St.
71%
SEC South Carolina
71%
Atlantic 10 St. Bonaventure
71%
ACC Virginia Tech
71%
AAC Wichita St.
71%
Ivy Columbia
70%
Summit League Denver
70%
Mid-American Kent St.
70%
Southland Lamar
70%
Patriot Lehigh
69%
Horizon Northern Kentucky
69%
Coastal UNC Wilmington
69%
SWAC Alabama A&M
67%
SWAC Alcorn St.
67%
Mid-American Buffalo
67%
Conference USA Delaware
67%
Ohio Valley Eastern Illinois
67%
Southern East Tennessee St.
67%
Big South Gardner-Webb
67%
Ohio Valley Morehead St.
67%
West Coast Pacific
67%
ACC Pittsburgh
67%
Big South Radford
67%
MAAC Rider
67%
West Coast Saint Mary's
67%
West Coast San Diego
67%
Mountain West San Jose St.
67%
West Coast Seattle U
67%
WAC Tarleton
67%
Southern Western Carolina
67%
Mid-American Western Michigan
67%
MEAC Howard
65%
SWAC Bethune-Cookman
64%
Patriot Colgate
64%
Big West Long Beach St.
64%
SWAC Mississippi Valley St.
64%
Coastal North Carolina A&T
64%
Ohio Valley UT Martin
64%
Patriot American
63%
Northeast Central Connecticut
63%
Northeast Fairleigh Dickinson
63%
Patriot Holy Cross
63%
Missouri Valley Indiana St.
63%
Conference USA Louisiana Tech
63%
Big Sky Northern Colorado
63%
Summit League Omaha
63%
Summit League Oral Roberts
63%
MAAC Sacred Heart
63%
AAC Tulsa
63%
Big West UC Davis
63%
West Coast Pepperdine
62%
Horizon Purdue Fort Wayne
62%
Coastal Campbell
60%
Southern Furman
60%
Summit League Kansas City
60%
MEAC Maryland-Eastern Shore
60%
Conference USA Missouri St.
60%
Summit League St. Thomas-Minnesota
60%
SWAC Texas Southern
60%
Mountain West UNLV
60%
Coastal William and Mary
60%
Big East DePaul
58%
MAAC Marist
58%
Atlantic 10 Richmond
58%
Ohio Valley Tennessee Tech
58%
MAAC Siena
57%
SWAC Southern
57%
Missouri Valley Belmont
56%
Big West CSU Bakersfield
56%
Horizon IU-Indianapolis
56%
Ohio Valley Lindenwood
56%
Big Sky Portland St.
56%
Atlantic 10 St. Joseph
56%
America East UMass Lowell
56%
AAC UTSA
56%
Big Sky Weber St.
56%
America East Bryant
55%
Coastal Drexel
55%
Big Sky Eastern Washington
55%
America East New Hampshire
55%
Big South Presbyterian
55%
Ohio Valley Tennessee St.
55%
AAC Tulane
55%
MAAC Iona
54%
Coastal Northeastern
54%
ASUN North Florida
54%
Sun Belt Georgia St.
53%
WAC Abilene Christian
50%
ASUN Central Arkansas
50%
Coastal Charleston
50%
Big South Charleston Southern
50%
MEAC Coppin St.
50%
Ivy Cornell
50%
ASUN Eastern Kentucky
50%
Coastal Elon
50%
ASUN FGCU
50%
Southland Houston Christian
50%
Big Sky Idaho
50%
Missouri Valley Illinois St.
50%
Patriot Lafayette
50%
Conference USA Liberty
50%
Ohio Valley Little Rock
50%
West Coast Loyola Marymount
50%
Sun Belt Marshall
50%
Southland New Orleans
50%
Southland Nicholls
50%
Big Sky Northern Arizona
50%
Horizon Robert Morris
50%
Missouri Valley Southern Illinois
50%
WAC Utah Valley
50%
ASUN West Georgia
50%
Southern Wofford
50%
Horizon Wright St.
50%
MAAC Fairfield
47%
MAAC Quinnipiac
46%
ASUN Jacksonville
45%
Northeast Le Moyne
45%
MAAC Mount St. Mary's
45%
Southland Stephen F. Austin
45%
WAC Utah Tech
45%
Southern VMI
45%
MAAC Manhattan
44%
Southern Mercer
44%
Southern The Citadel
44%
Big West UC San Diego
44%
Missouri Valley Evansville
43%
Horizon Green Bay
43%
Big Sky Montana St.
43%
Southland Northwestern St.
43%
Missouri Valley UIC
43%
America East Vermont
43%
Northeast Wagner
42%
Horizon Milwaukee
40%
MAAC Niagara
40%
ASUN Queens (NC)
40%
Coastal Stony Brook
40%
Southland Texas A&M-Corpus Christi
40%
Southern UNC Greensboro
40%
Big South Winthrop
40%
SWAC Alabama St.
38%
Atlantic 10 Fordham
38%
Patriot Loyola (MD)
38%
West Coast Portland
38%
Big South UNC Asheville
38%
Big West CSU Fullerton
36%
MEAC Delaware St.
36%
Northeast Chicago St.
33%
Big West CSU Northridge
33%
Atlantic 10 Duquesne
33%
Coastal Hampton
33%
Big South Longwood
33%
Coastal Monmouth
33%
Southland SE Louisiana
33%
Northeast Stonehill
33%
Big West UC Riverside
33%
Big West UC Santa Barbara
33%
Ohio Valley Western Illinois
33%
Horizon Youngstown St.
33%
MAAC Canisius
30%
MEAC Morgan St.
30%
Coastal Towson
30%
WAC California Baptist
29%
Southland Incarnate Word
29%
Ohio Valley SIU Edwardsville
26%
America East Binghamton
25%
WAC Southern Utah
25%
ASUN Stetson
25%
ASUN Bellarmine
24%
Big Sky Idaho St.
22%
ASUN North Alabama
22%
Southland Texas A&M-Commerce
22%
Southland UT Rio Grande Valley
22%
Coastal Hofstra
20%
Northeast Mercyhurst
20%
Northeast New Haven
20%
Big South USC Upstate
20%
AAC Witchita St.
20%
MAAC Merrimack
17%
Ohio Valley Southeast Missouri St.
17%
WAC UT Arlington
17%
Atlantic 10 Davidson
13%
Horizon Detriot Mercy
13%
Ohio Valley Southern Indiana
13%
America East NJIT
0%
MEAC North Carolina Central
0%
No matching quizzes found
Score Distribution
Percent of People with Each Score
Percentile by Number Answered
Your Score History
You have not taken this quiz since the last reset